The Democratic state : with a chronological table covering the history of the present times
Αποθηκεύτηκε σε:
| Συγγραφή απο Οργανισμό/Αρχή: | |
|---|---|
| Άλλοι συγγραφείς: | |
| Μορφή: | Βιβλίο |
| Γλώσσα: | English |
| Δημοσίευση: |
[Χ.τ.] :
Press and Information Office of the Federal Government,
1961.
|
| Έκδοση: | 3rd ed. |
| Θέματα: | |
| Ετικέτες: |
Προσθήκη ετικέτας
Δεν υπάρχουν, Καταχωρήστε ετικέτα πρώτοι!
|
MARC
| LEADER | 00000cam a2200000 i 4500 | ||
|---|---|---|---|
| 001 | 1/97994 | ||
| 008 | 081124s1961 xx | ||| |||| ||eng|| | ||
| 035 | |l 10101925 | ||
| 040 | |a GR-MY-UA |b gre |e aacr | ||
| 041 | 0 | |a eng | |
| 082 | 7 | |a 320.443 |2 (22) | |
| 245 | 0 | 4 | |a The Democratic state : |b with a chronological table covering the history of the present times / |c general editor H. Arntz ; Press and Information Office of the Federal Government. |
| 250 | |a 3rd ed. | ||
| 260 | |a [Χ.τ.] : |b Press and Information Office of the Federal Government, |c 1961. | ||
| 300 | |a π. 80 σ. ; |c 21 εκ. | ||
| 500 | |a This brochure is an extract from the book Germany reports. | ||
| 500 | |a Οι σελίδες αριθμούνται επίσης 229-280, 867-901. | ||
| 500 | |a Η καταλογογράφηση έγινε με βάση το εξώφυλλο. | ||
| 500 | |a Περιέχει χρονολογικό πίνακα (οι σελίδες του αριθμούνται 867-901). | ||
| 650 | 0 | 0 | |a Democracy |z Germany |x History. |
| 651 | 0 | |a Germany |x Politics and government. | |
| 700 | 1 | |a Arntz, H. |e edt | |
| 710 | 1 | |a Germany Presse- und Informationsamt. | |
| 852 | |a INST |b RHODES |c AKA |e 20081124 |h 320.443 DEM |p 005400031345 |q 005400031345 |t BK |y 0 | ||
| 901 | |a BIBL4-2008-3 | ||
| 909 | |a Ρ |b 153667 | ||
| 970 | |a ΧΑΡΙΟΠΟΛΙΤΟΥ |b ΚΩΝΣΤΑΝΤΙΝΑ |z 2008/11/24 | ||